Cliquez sur les poissons ! - Statistiques

Statistiques générales
  • Ce quiz a été pris 388 fois
  • Le résultat moyen est 11 sur 15
Answers on the Grid
Answers color-coded by a green-red scale on the quiz's grid according to % correct below.
🐟
🐟
🐟
🐟
🐟
🐠
🐠
🐠
🐠
🐠
🐡
🐡
🐡
🐡
🐡
🦀
🦀
🦀
🦈
🦈
🦈
🐙
🐙
🐙
🪼
🪼
🪼
🐔
🐔
🐔
 
Statistiques - réponses
Réponse % Correct
🐟
80%
🐟
79%
🐟
79%
🐠
79%
🐟
78%
🐠
78%
🐠
77%
🐠
77%
🐠
76%
🐟
75%
🐡
73%
🐡
71%
🐡
71%
🐡
71%
🐡
70%
Aucun quiz correspondant
Distribution des résultats
% des personnes avec chaque résultat
Percentile par nombre de réponses
Votre historique - résultats
Vous n’avez pas pris ce quiz